| 000 | 01083cas a2200349 4500 | ||
|---|---|---|---|
| 001 | 11229328 | ||
| 003 | PILC | ||
| 005 | 20150603091603.0 | ||
| 007 | t| | ||
| 008 | 790413c19799999txuuu r 0 a0eng c | ||
| 010 |
_a 79644665 _zsn 79002469 |
||
| 022 | 1 |
_a0191-3549 _21 |
|
| 035 | _a(OCoLC)ocm04853302 | ||
| 037 | _bSusAnn Publications, Inc., 3110 N. Fitzhugh, Dallas, TX 75204 | ||
| 040 |
_aNSDP _cNSDP _dDLC _dOCoLC |
||
| 042 |
_ansdp _apcc |
||
| 043 | _an-us-ny | ||
| 050 | 0 | 0 |
_aTX 335 _b.Un55 1979 |
| 082 | _a380.1/45/00097471 | ||
| 222 | 4 | _aThe Underground shopper. New York City | |
| 245 | 0 | 4 |
_aThe Underground shopper / _pNew York City. |
| 260 |
_aDallas, Tex : _bSusAnn Publications, _c1979. |
||
| 300 |
_a286 pages ; _c18 cm. |
||
| 362 | 0 | _a1st- ed. | |
| 590 | _aSERBIB/SERLOC merged record | ||
| 650 | 0 |
_aShopping _zNew York (State) _zNew York _vDirectories. |
|
| 650 | 0 |
_aStores, Retail _zNew York (State) _zNew York _vDirectories. |
|
| 906 |
_a7 _bcbc _cserials _d2 _encip _f19 _gn-oclcserc |
||
| 936 | _a1st ed. | ||
| 942 |
_2lcc _cBK _kFOR |
||
| 999 |
_c284579 _d284579 |
||